Transferové oceňovanie a dokumentácia ako nástroj obmedzenia presúvania ziskov a znižovania základu dane diplomová práca

Saved in:
Bibliographic Details
Main Author: Búzek, Adam
Corporate Author: Národohospodárska fakulta EU. Katedra financií
Other Authors: Kubicová, Jana, 1961-
Format: Book
Language:Slovak
Published: Bratislava 2024
Tags: Add Tag
No Tags, Be the first to tag this record!

MARC

LEADER 00000nbm a2200000 4500
001 0300673
005 20250603094323.9
041 0 |a slo 
044 |a SK 
245 1 0 |a Transferové oceňovanie a dokumentácia ako nástroj obmedzenia presúvania ziskov a znižovania základu dane  |b diplomová práca  |c Adam Búzek ; školiteľ: Jana Kubicová 
264 1 |a Bratislava  |c 2024 
300 |a 76 s. 
100 1 |a Búzek, Adam 
700 1 |a Kubicová, Jana, 1961- 
710 2 |a Národohospodárska fakulta EU. Katedra financií